000 00451nam a22001697a 4500
003 NUST - PNEC
005 20170116181100.0
008 150904b xxu||||| |||| 00| 0 eng d
020 _a-
040 _cLIBRARY
082 _a621.4025 EMB
100 _94698
_a Embleton, William
245 _aReed's heat and heat engines for marine engineers
_cWilliam Embleton Obe
260 _cc.969
650 _97488
_aMarine engineering
_xME
942 _2ddc
_cBK
999 _c68751
_d68751